| 000 | 01131nam a22003377a 4500 | ||
|---|---|---|---|
| 001 | BR8600112 | ||
| 003 | BR-BrBNA | ||
| 005 | 20230928092216.0 | ||
| 007 | ta | ||
| 008 | 230509b bl.||||| |||| 00| 0 por d | ||
| 040 |
_aBR-BrBNA _bpor _cBiblioteca Nacional de Agricultura |
||
| 041 | _a(Por) | ||
| 072 |
_aL01; E70 _b5212 _b9410 _b/G514 |
||
| 090 | _ 5212 BR8600112 | ||
| 100 | 1 | _aKreuz, C.L. | |
| 110 | 1 |
_aUniversidade Federal do Rio Grande do Sul, Porto Alegre (Brasil). Faculdade de Ciencias Economicas _0Tese (Mestrado) _911167 |
|
| 245 | 1 | _aAnalise de tecnologias e perspectivas da bovinocultura de leite na pequena propriedade gaucha | |
| 246 | 1 | _a[Analysis of technologies and perspectives for dairy cattle breeding in the small farm] | |
| 260 | 3 |
_aPorto Alegre, RS (Brasil): _c1985. |
|
| 300 | _a149 p. | ||
| 500 | _a27 tables; 13 illus.; Bibliography p. 143-149 (56 ref.) | ||
| 650 | _aBOVINOCULTURA | ||
| 650 | _aMANEJO | ||
| 650 | _aLEITE | ||
| 650 | _aVENDA | ||
| 650 | _aPRECO | ||
| 650 | _aNUTRICAO ANIMAL | ||
| 650 | _aRIO GRANDE DO SUL | ||
| 909 |
_a202309 _bLucia _c55 _dLucia Elande |
||
| 942 | _cBK | ||
| 999 |
_c37702 _d37702 |
||